|
VMS Library |
|
แสดงรายละเอียดบรรณานุกรม |
|
|
Brief Record
: Get Marc (ISO 2709)
: E-mail record
: |
|
|
| LEADER 00000nas 2200000uu 4500 | |||
| 001 13399125004 | |||
| 003 ULIBM | |||
| 008 110622s||||||||th 000 0 tha d | |||
| 099 วารสาร. | |||
| 245 00 G Magazine. | |||
| 246 11 Architecture interior design lifestyle | |||
| 260 กรุงเทพฯ,^bบริษัท ไทยผลิตภัณฑ์ยิบซั่ม จำกัด (มหาชน) ,^c25- | |||
| 310 ^aรายไม่ประจำ | |||
| 650 7 การออกแบบตกแต่ง^xวารสาร. | |||
| 650 7 การตกแต่งสำนักงาน^xวารสาร. | |||
| 650 7 การตกแต่งภายใน^xวารสาร. | |||
| 850 ^aNumber 2 (2011) Issue 4;Number 3 (2012) Issue 5;Number 3 (2012) Issue 6;Number 4 (2014) Issue 8 | |||
| 999 ^aใช้งานได้ทุกระบบ | |||
| คุณยังไม่ได้ล็อกอิน คุณสามารถมีกิจกรรมร่วมกับเว็บไซต์ได้ แต่ต้องล็อกอินก่อน :: |
|
ลำดับที่ ประเภท เลขเรียก/ บาร์โค้ด สถานที่ สถานะ 1. ![]()
วารสารวารสาร. -- Number 4 (2014) Issue 8
Barcode: 3 26 013602วารสาร On Shelf
ขอยืม
2. ![]()
วารสารวารสาร. -- Number 3 (2012) Issue 6
Barcode: 3 26 011378วารสาร On Shelf
ขอยืม
3. ![]()
วารสารวารสาร. -- Number 3 (2012) Issue 5
Barcode: 3 26 009246วารสาร On Shelf
ขอยืม
4. ![]()
วารสารวารสาร. -- Number 2 (2011) Issue 4
Barcode: 3 26 004435หนังสือทั่วไป On Shelf
ขอยืม
[แสดง 4/4 รายการ]
BibComment
ยังไม่เคยถูกคอมเมนท์
คอมเมนท์ทรัพยากรรายการนี้
คอมเมนท์: G Magazine
Bib 13399125004